01680nam a2200277 a 450000100100000000500170001000800410002704000250006808200270009310000390012024500880015925000920024726000380033930000210037750000740039859000270047265000310049965000280053091000270055895201840058595201960076995201400096595201400110595201400124599900170138500001779820240530073934.0100406s1963 dr r 000 0 spa d aDO-SdBNPbspacBNPHU aRD868.303bG216d, 19631 aGarcía Gómez, Aristides93869210aDe todo un poco :bcolección de artículos cortos /cAristides García Gómez. a2a. ed. aumentada y conmemorativa del centenario del nacimiento de su autor, 1863-1963. aSanto Domingo :bMontalvo,c1963. a301 p. ;c25 cm. aIncluye referencias bibliográficas y notas al pie de las páginas. aInventariado, 2018/MFF 0aLiteratura dominicana.967 0aEnsayos dominicanos965 aInventariado, 2018/MFF 0010718PDaGRbGRcHDd2010-04-06iLF1l0oRD868.303 G216d, 1963p17798-10r2020-06-25w2020-06-25yLFPDzPerteneció a la biblioteca personal de Martínez Boog.ZNo se presta 0010718PDaGRbGRcHDd2010-04-06iLF1l0oRD868.303 G216d, 1963p17798-20r2020-06-25te. 2w2020-06-25yLFPDzPerteneció a la biblioteca personal de Germán Emilio Ornes.ZNo se presta 001054708DSaGRbGRcHDd2010-04-06iLF1l0oRD868.303 G216d, 1963p17798-30r2020-06-25te. 3w2020-06-25yLFDSZPréstamo en sala 001054708DSaGRbGRcHDd2011-08-05iLF1l0oRD868.303 G216d, 1963p17798-40r2020-06-25te. 4w2020-06-25yLFDSZPréstamo en sala 001054708DSaGRbGRcHDd2011-08-05iLF1l0oRD868.303 G216d, 1963p17798-50r2020-06-25te. 5w2020-06-25yLFDSZPréstamo en sala c17323d17323